000 01221nam0a2200361 4500
001 RU\NLR\BIBL_A\022510037
005 20250810081213.0
010 _a5-89970-004-1
035 _a(NLR Aleph) 022510037
090 _a13392520
_c13392520
100 _a20250402d1990 m y0rusy50 ca
101 0 _alit
102 _aLT
105 _aa ||z|||000ay
181 0 _ai3
_baxxe
182 0 _an
200 1 _aPas motulę augau
_fL. Čepienė
_giliustracijos V. Manomaičio
203 _aТекст
_bвизуальный
_cнепосредственный
205 _aFotogr. leid.
210 _aVilnius
_cMuzika
_cAlka
_d1990
215 _a269 с.
_cил.
_d17
320 _aБиблиогр.: с. 263
320 _aУказ.: с. 264-266
541 1 _6z01790
_a[У матушки я рос]
_zrus
606 1 _aСемейное воспитание
_xРоль матери
_92519115
_3RU\NLR\AUTH\661492887
686 1 _aЧ491.00
700 1 _aČepienė
_bL.
_f1911-
_gLidija
702 1 _aManomaitis
_bV.
_f1912-2000
_gVoldemaras
_4440
790 1 _6z01541
_aЧепене
_bЛ.
_f1911-
_gЛидия
_4070
942 _cBOOK
980 _aNB